Biblioteca

Paul and the faithfulness of God / (Registro nro. 67530)

Detalles MARC
000 -LÍDER
Campo fijo de descripción fija 03784cam a2200385 i 4500
001 - NÚMERO DE CONTROL
Campo de control 768714001
003 - IDENTIFICADOR DEL NÚMERO DE CONTROL
Campo de control CO-MdFUSB
005 - FECHA Y HORA DE LA ULTIMA TRANSACCIÓN
control field 20220411122306.0
007 - CAMPO FIJO DE DESCRIPCIÓN FIJA--INFORMACIÓN GENERAL
Campo fijo de descripción fija ta
008 - ELEMENTOS DE LONGITUD FIJA -- INFORMACIÓN GENERAL
Campo fijo de descripción fija -- Información general 130407t2013 mnua b 001 0 eng d
020 ## - NÚMERO INTERNACIONAL NORMALIZADO PARA LIBROS
Número Internacional Normalizado del libro 9780800626839
040 ## - FUENTE DE CATALOGACIÓN
Agencia de catalogación original BTCTA
Idioma de catalogación eng
Convenciones de la descripción rda
Agencia que realiza la transcripción CO-MdFUSB
Agencia que realiza la modificación BDX
-- UKMGB
-- STR
-- YDXCP
-- OXF
-- DRU
-- LEB
-- SP1
-- HNW
-- WSL
-- P4I
-- XPQ
-- UtOrBLW
041 ## - CÓDIGO DE IDIOMA
Código de idioma para texto/pista de sonido o título separado eng
082 ## - NÚMERO DE CLASIFICACIÓN DECIMAL DEWEY
Número de la edición del Dewey 23
Número de clasificación 225.92
Clave de autor-Numero de item W952
100 1# - ASIENTO PRINCIPAL--NOMBRE PERSONAL
Nombre personal Wright, N. T.
Término relacionador autor
245 10 - TÍTULO
Título del Material Paul and the faithfulness of God /
Mención de responsabilidad, etc. N.T. Wright.
264 #1 - PRODUCCIÓN, PUBLICACIÓN, DISTRIBUCIÓN, MANUFACTURA, Y COPYRIGHT
Lugar de producción, publicación, distribución, manufactura Minneapolis :
Nombre del productor, publicador, distribuidor Fortress Press,
Fecha de producción, publicación, distribución, manufactura, o copyright [2013]
264 #4 - PRODUCCIÓN, PUBLICACIÓN, DISTRIBUCIÓN, MANUFACTURA, Y COPYRIGHT
Fecha de producción, publicación, distribución, manufactura, o copyright © 2013
300 ## - DESCRIPCIÓN FÍSICA
Extensión 2 volumes
Otros detalles físicos Ilustraciones ;
Dimensiones 24 cm.
336 ## - TIPO DE CONTENIDO
Término de tipo de contenido texto
Código de tipo de contenido txt
Fuente rdacontent.
337 ## - TIPO DE MEDIO
Nombre del tipo de medio sin mediación
Código del tipo de medio n
Fuente rdamedia.
338 ## - TIPO DE SOPORTE
Nombre del tipo de soporte volumen
Código Tipo de soporte nc
Fuente rdacarrier.
490 ## - MENCIÓN DE SERIE
Mención de serie Christian origins and the question of God ;
500 ## - NOTA GENERAL
Nota General El Libro 1 contiene la Parte 1: Pablo y su mundo y la Parte 2: La mentalidad del apóstol; el libro 2 contiene la Parte 3: La teología de Pablo y la Parte 4: Pablo en la historia.
504 ## - NOTA DE BIBLIOGRAFÍA, ETC.
Nota de bibliografía, etc Incluye referencias bibliográficas (páginas 1521-1591) e índices.
505 00 - NOTA DE CONTENIDO
Información miscelánea Parte I.
Título Pablo y su mundo.
-- ¿Regreso del fugitivo? --
-- Como pájaros en lo alto: la fidelidad del Dios de Israel.
-- Atenea y su lechuza: la sabiduría de los griegos.
-- Un gallo para Asclepio: 'religión' y 'cultura' en el mundo de Pablo --
-- El águila ha aterrizado: Roma y el desafío del imperio.
Información miscelánea Parte II.
Título La mentalidad del apóstol.
-- ¿Un pajaro en la mano? : la praxis simbólica del mundo de Pablo --
-- La trama, el plan y la cosmovisión narrada.
-- Cinco indicadores de la mentalidad apostólica:
Información miscelánea Parte III.
Título La teología de Pablo.
-- El único Dios de Israel, recientemente revelado,
-- El pueblo de Dios, recién reelaborado --
-- El futuro de Dios para el mundo, recién imaginado -
Información miscelánea Parte IV.
Título Pablo en la historia.
-- El león y el águila: Pablo en el imperio de César.
-- Un sacrificio diferente: Pablo y la 'religión' --
-- La locura de Dios: Pablo entre los filósofos.
-- Conocer el lugar por primera vez : Pablo y su contexto judío --
-- Señal de la nueva creación: objetivos y logros de Pablo.
520 8# - NOTA DE RESUMEN, ETC.
Nota de sumario, etc. "Este texto [v. 4] está impreso en dos secciones de libro: El primer libro comprende las Partes I y II y la portada. El segundo libro tiene las Partes III y IV más bibliografía e índices. Este muy esperado cuarto volumen de dos libros en la serie magistral de NT Wright , Christian Origins and the Question of God, está destinado a convertirse en el punto de referencia estándar sobre el tema para todos los estudiantes serios de la Biblia y la teología. El resumen maduro de un estudio de toda una vida, este libro histórico rinde un rico tributo a la amplitud y profundidad de la visión de los apóstoles, y ofrece una riqueza sin precedentes de ideas detalladas sobre su vida, su época y su impacto perdurable.Wright explora cuidadosamente todo el contexto del pensamiento y la actividad de Pablo: judíos, griegos y romanos, culturales, filosóficos, religiosos e imperiales. --y muestra cómo la cosmovisión y la teología de los apóstoles le permitieron comprometerse con las múltiples complejidades de la vida del siglo I que enfrentaban sus iglesias. ngs de las cartas y otras fuentes primarias, junto con ideas críticas sobre los principales giros y vueltas del debate exegético y teológico en la vasta literatura secundaria. El resultado es un relato completo y profundamente convincente del hombre que se convirtió en el primer y más grande teólogo cristiano del mundo"
563 ## - NOTA DE ENCUADERNACIÓN
Nota de encuadernación Rústico
600 #7 - ASIENTO SECUNDARIO DE MATERIA - NOMBRE PERSONAL
Nombre personal Pablo,
Títulos y otros términos asociados al nombre Santo
Subdivisión general Teología
600 #7 - ASIENTO SECUNDARIO DE MATERIA - NOMBRE PERSONAL
Nombre personal Pablo,
Títulos y otros términos asociados al nombre Santo
Subdivisión general Crítica, interpretación, etc.
630 07 - TITULO UNIFORME
Título uniforme Biblia.
Nombre de parte o sección de la obra Epístolas Paulinas
942 ## - TIPO DE MATERIAL (KOHA)
Tipo de Item KOHA Libros General
945 ## - INFORMACIÓN LOCAL DEL REGISTRO
Catalogador JTF-925
Existencias
Estado de Material Estado de Perdido Forma de Clasificación Estado de Dañado No para Préstamo Colección Biblioteca de Origen Biblioteca Permanente Fecha de Adquisición Área Total de Préstamos Total de Renovaciones Signatura Topográfica Código de Barras Última vez visto Última vez Préstado Ejemplar/Existencia Fecha de Remplazo Tipo de Material
    Dewey Decimal Classification     Colección General Biblioteca FUSBC Biblioteca FUSBC 24/03/2022 BIBLIA 1 6 G 225.92 W952p 21697 01/11/2023 20/04/2023 Vol. 1, ej. 1 24/03/2022 Libros General
    Dewey Decimal Classification     Colección General Biblioteca FUSBC Biblioteca FUSBC 24/03/2022 BIBLIA 2 1 G 225.92 W952p 21698 16/05/2024 05/10/2023 Vol. 2, ej.1 24/03/2022 Libros General

Biblioteca FUSBC | Teléfono: (57+4) 349 88 10 Ext. 141| WhatsApp (+57) 3005338115 
E-mail: biblioteca@unisbc.edu.co | Calle 76 87-14 Robledo Palenque, Medellín, Colombia

Con tecnología Koha